Responsabilidad civil de los medios masivos de comunicación: daños por noticias inexactas o agraviantes.
Guardat en:
| Autor principal: | |
|---|---|
| Format: | Llibre |
| Idioma: | espanyol |
| Publicat: |
Buenos Aires, Argentina
Hammurabi
1999
|
| Edició: | Segunda edición |
| Col·lecció: | Colección Responsabilidad Civil, 8
|
| Matèries: | |
| Etiquetes: |
Afegir etiqueta
Sense etiquetes, Sigues el primer a etiquetar aquest registre!
|
MARC
| LEADER | 00000nam a2200000 a 4500 | ||
|---|---|---|---|
| 001 | UCP6536 | ||
| 003 | CL-VaPUC | ||
| 005 | 20250320123514.0 | ||
| 008 | 991029e19990000AG |||||||||||||||||spa|d | ||
| 999 | |c 284046 |d 284044 | ||
| 040 | |c Pontificia Universidad Católica de Valparaíso | ||
| 082 | 0 | 4 | |a 346.02 PIZ 1999 |2 21 |
| 100 | 0 | |a Pizarro, Ramón Daniel |9 435644 | |
| 245 | 1 | 0 | |a Responsabilidad civil de los medios masivos de comunicación: daños por noticias inexactas o agraviantes. |
| 250 | |a Segunda edición | ||
| 260 | 0 | 3 | |a Buenos Aires, Argentina |b Hammurabi |c 1999 |
| 300 | |a 665 páginas | ||
| 490 | 0 | |a Colección Responsabilidad Civil, 8 | |
| 583 | |a last modification |c 19991029 00:00:00 |k Rodrigo Vera | ||
| 650 | 0 | |a Abusos de publicidad |9 257204 | |
| 650 | 7 | |a DAÑOS Y PERJUICIOS |2 CL-VaPUC |9 435645 | |
| 650 | 7 | |a JURISPRUDENCIA SOBRE LIBERTAD DE INFORMACION |2 CL-VaPUC |9 435646 | |
| 650 | 0 | |a Libertad de información |9 257205 | |
| 650 | 0 | |a Medios de comunicación |9 257206 | |
| 650 | 0 | |a Prensa |9 258117 | |
| 650 | 0 | |a Publicidad |9 314572 | |
| 650 | 7 | |a RESPONSABILIDAD CIVIL |2 CL-VaPUC |9 435647 | |
| 942 | |c BK |2 ddc | ||
| 945 | |d 19991029 00:00:00 |a vberengu | ||
| 952 | |0 0 |1 0 |2 ddc |4 0 |6 346_020000000000000_PIZ_1999 |7 0 |8 A |9 327734 |a BIBDER |b BIBDER |d 2019-11-20 |i 3569683 |o 346.02 PIZ 1999 |p 3569683 |r 2023-01-25 |t 1 |w 2019-11-20 |y BK |k DER | ||